[Event "2023 Welsh Championship"]
[Site "Cardiff"]
[Date "2023.04.07"]
[Round "1"]
[Board "5"]
[White "Bullen, Alex"]
[Black "Van Kemenade, Rudy"]
[Result "1-0"]
[WhiteElo "2157"]
[BlackElo "1936"]
[PlyCount "0"]
[EventDate "2023.04.07"]
[EventRounds "7"]
[EventCountry "WLS"]

1. e4 {[%clk 01:30:56]} {[%emt 00:00:02]} e5 {[%clk 01:21:55]} {[%emt
00:09:06]} 2. Nf3 {[%clk 01:31:18]} {[%emt 00:00:09]} Nf6 {[%clk 01:22:19]}
{[%emt 00:00:05]} 3. Nxe5 {[%clk 01:31:38]} {[%emt 00:00:11]} d6 {[%clk
01:22:44]} {[%emt 00:00:05]} 4. Nd3 {[%clk 01:31:58]} {[%emt 00:00:09]} Nxe4
{[%clk 01:23:03]} {[%emt 00:00:11]} 5. Qe2 {[%clk 01:32:20]} {[%emt 00:00:08]}
Qe7 {[%clk 01:23:28]} {[%emt 00:00:08]} 6. Nf4 {[%clk 01:32:41]} {[%emt
00:00:07]} c6 {[%clk 01:23:22]} {[%emt 00:00:35]} 7. f3 {[%clk 01:32:38]}
{[%emt 00:00:35]} Nc5 {[%clk 01:23:21]} {[%emt 00:00:30]} 8. d4 {[%clk
01:31:24]} {[%emt 00:01:46]} Ne6 {[%clk 01:23:12]} {[%emt 00:00:36]} 9. c3
{[%clk 01:29:42]} {[%emt 00:02:13]} d5 {[%clk 01:23:05]} {[%emt 00:00:36]} 10.
Be3 {[%clk 01:20:51]} {[%emt 00:09:24]} Qf6 {[%clk 01:22:04]} {[%emt 00:01:27]}
11. Nd3 {[%clk 01:16:03]} {[%emt 00:05:20]} Nd7 {[%clk 01:22:10]} {[%emt
00:00:22]} 12. h4 {[%clk 01:14:48]} {[%emt 00:01:46]} Qe7 {[%clk 01:18:34]}
{[%emt 00:04:05]} 13. g4 {[%clk 01:13:20]} {[%emt 00:01:59]} h5 {[%clk
01:18:19]} {[%emt 00:00:46]} 14. g5 {[%clk 01:10:18]} {[%emt 00:03:33]} g6
{[%clk 01:18:42]} {[%emt 00:00:05]} 15. Bh3 {[%clk 01:09:01]} {[%emt 00:01:48]}
Ng7 {[%clk 01:17:40]} {[%emt 00:01:32]} 16. Nd2 {[%clk 01:00:30]} {[%emt
00:09:07]} Nb6 {[%clk 01:17:59]} {[%emt 00:00:09]} 17. Ne5 {[%clk 00:54:24]}
{[%emt 00:06:38]} Bxh3 {[%clk 01:17:02]} {[%emt 00:01:21]} 18. Rxh3 {[%clk
00:54:48]} {[%emt 00:00:11]} Nf5 {[%clk 01:17:14]} {[%emt 00:00:12]} 19. Bf4
{[%clk 00:53:56]} {[%emt 00:01:23]} Bg7 {[%clk 01:17:05]} {[%emt 00:00:39]} 20.
Kf2 {[%clk 00:50:50]} {[%emt 00:03:40]} O-O {[%clk 01:17:23]} {[%emt 00:00:09]}
21. Re1 {[%clk 00:47:23]} {[%emt 00:03:57]} Rfe8 {[%clk 01:16:36]} {[%emt
00:01:14]} 22. Nf1 {[%clk 00:45:08]} {[%emt 00:02:47]} Nd7 {[%clk 01:15:17]}
{[%emt 00:01:48]} 23. Nd3 {[%clk 00:41:12]} {[%emt 00:04:28]} Qxe2+ {[%clk
01:15:01]} {[%emt 00:00:47]} 24. Rxe2 {[%clk 00:41:35]} {[%emt 00:00:06]} Rxe2+
{[%clk 01:15:24]} {[%emt 00:00:07]} 25. Kxe2 {[%clk 00:41:58]} {[%emt
00:00:07]} Re8+ {[%clk 01:15:33]} {[%emt 00:00:20]} 26. Kd2 {[%clk 00:40:54]}
{[%emt 00:01:35]} Bf8 {[%clk 01:13:31]} {[%emt 00:02:31]} 27. Ng3 {[%clk
00:40:01]} {[%emt 00:01:23]} Ng7 {[%clk 01:13:15]} {[%emt 00:00:46]} 28. Nf1
{[%clk 00:37:54]} {[%emt 00:02:37]} Nf5 {[%clk 01:13:05]} {[%emt 00:00:42]} 29.
Rh2 {[%clk 00:37:57]} {[%emt 00:00:25]} Bg7 {[%clk 01:13:03]} {[%emt 00:00:35]}
30. Ng3 {[%clk 00:37:06]} {[%emt 00:01:18]} Nxg3 {[%clk 01:13:19]} {[%emt
00:00:14]} 31. Bxg3 {[%clk 00:37:27]} {[%emt 00:00:09]} Bf8 {[%clk 01:13:22]}
{[%emt 00:00:28]} 32. Rf2 {[%clk 00:34:29]} {[%emt 00:03:27]} Bg7 {[%clk
01:12:26]} {[%emt 00:01:29]} 33. Rf1 {[%clk 00:29:34]} {[%emt 00:05:21]} Re7
{[%clk 01:12:28]} {[%emt 00:00:28]} 34. b3 {[%clk 00:28:38]} {[%emt 00:01:26]}
Re8 {[%clk 01:12:46]} {[%emt 00:00:12]} 35. a4 {[%clk 00:27:49]} {[%emt
00:01:20]} Re7 {[%clk 01:12:49]} {[%emt 00:00:27]} 36. Bd6 {[%clk 00:25:33]}
{[%emt 00:02:46]} Re8 {[%clk 01:12:22]} {[%emt 00:00:57]} 37. Bc5 {[%clk
00:13:31]} {[%emt 00:12:33]} a6 {[%clk 01:12:19]} {[%emt 00:00:32]} 38. Bd6
{[%clk 00:13:56]} {[%emt 00:00:11]} Re6 {[%clk 01:12:12]} {[%emt 00:00:34]} 39.
Bc7 {[%clk 00:13:35]} {[%emt 00:00:51]} Re8 {[%clk 01:12:34]} {[%emt 00:00:08]}
40. b4 {[%clk 00:12:53]} {[%emt 00:01:10]} Bf8 {[%clk 01:03:02]} {[%emt
00:10:02]} 41. Rb1 {[%clk 00:10:33]} {[%emt 00:02:53]} Rc8 {[%clk 01:02:21]}
{[%emt 00:01:11]} 42. Bf4 {[%clk 00:10:00]} {[%emt 00:01:02]} Re8 {[%clk
01:02:42]} {[%emt 00:00:17]} 43. Nc5 {[%clk 00:06:27]} {[%emt 00:03:57]} Nxc5
{[%clk 01:02:58]} {[%emt 00:00:09]} 44. bxc5 {[%clk 00:06:37]} {[%emt
00:00:21]} Re7 {[%clk 01:03:20]} {[%emt 00:00:22]} 45. Be5 {[%clk 00:03:38]}
{[%emt 00:03:22]} Rd7 {[%clk 01:02:21]} {[%emt 00:01:26]} 46. f4 {[%clk
00:01:24]} {[%emt 00:02:40]} Bg7 {[%clk 00:59:34]} {[%emt 00:03:20]} 47. Kc2
{[%clk 00:30:05]} {[%emt 00:03:30]} Bxe5 {[%clk 01:29:54]} {[%emt 00:00:12]} 48.
fxe5 {[%clk 00:30:20]} {[%emt 00:00:18]} Re7 {[%clk 01:29:02]} {[%emt
00:01:19]} 49. Kb3 {[%clk 00:28:45]} {[%emt 00:02:04]} Kf8 {[%clk 01:29:01]}
{[%emt 00:00:33]} 50. Kb4 {[%clk 00:28:54]} {[%emt 00:00:18]} Ke8 {[%clk
01:29:25]} {[%emt 00:00:06]} 51. Ka5 {[%clk 00:29:03]} {[%emt 00:00:20]} Kd8
{[%clk 01:29:48]} {[%emt 00:00:20]} 52. Kb6 {[%clk 00:29:25]} {[%emt 00:00:03]}
Kc8 {[%clk 01:30:13]} 53. Rf1 {[%clk 00:29:45]} {[%emt 00:00:07]} Kd8 {[%clk
01:29:18]} {[%emt 00:01:25]} 54. Rf6 {[%clk 00:27:17]} {[%emt 00:02:59]} Kc8
{[%clk 01:27:14]} {[%emt 00:02:33]} 55. a5 {[%clk 00:25:37]} {[%emt 00:02:12]}
Kd8 {[%clk 01:27:24]} {[%emt 00:00:17]} 56. e6 {[%clk 00:24:01]} {[%emt
00:02:15]} fxe6 {[%clk 01:27:46]} {[%emt 00:00:02]} 57. Rxg6 {[%clk 00:24:01]}
{[%emt 00:00:29]} e5 {[%clk 01:28:04]} {[%emt 00:00:16]} 58. dxe5 {[%clk
00:23:56]} {[%emt 00:00:34]} Rxe5 {[%clk 01:28:27]} {[%emt 00:00:04]} 59. Kxb7
{[%clk 00:24:01]} {[%emt 00:00:25]}  1-0

[Event "2023 Welsh Championship"]
[Site "Cardiff"]
[Date "2023.04.07"]
[Round "1"]
[Board "6"]
[White "Davis, Lee"]
[Black "Kett, Tim"]
[Result "0-1"]
[WhiteElo "1906"]
[BlackElo "2090"]
[PlyCount "0"]
[EventDate "2023.04.07"]
[EventRounds "7"]
[EventCountry "WLS"]

1. d4 {[%emt 00:00:11]} d5 {[%clk 01:30:39]} {[%emt 00:00:16]} 2. Nf3 {[%clk
01:31:15]} {[%emt 00:00:08]} Nf6 {[%clk 01:30:42]} {[%emt 00:00:26]} 3. g3
{[%clk 01:30:47]} {[%emt 00:00:58]} c5 {[%clk 01:28:23]} {[%emt 00:02:50]} 4.
c4 {[%clk 01:30:44]} {[%emt 00:00:33]} cxd4 {[%clk 01:27:48]} {[%emt 00:01:04]}
5. cxd5 {[%clk 01:30:33]} {[%emt 00:00:43]} Qa5+ {[%clk 01:22:40]} {[%emt
00:05:38]} 6. Bd2 {[%clk 01:30:29]} {[%emt 00:00:34]} Qxd5 {[%clk 01:23:03]}
{[%emt 00:00:07]} 7. Qa4+ {[%clk 01:29:27]} {[%emt 00:01:33]} Nc6 {[%clk
01:19:49]} {[%emt 00:03:43]} 8. Bg2 {[%clk 01:29:54]} {[%emt 00:00:04]} e5
{[%clk 01:03:31]} {[%emt 00:16:48]} 9. O-O {[%clk 01:30:19]} {[%emt 00:00:05]}
Bd7 {[%clk 01:02:26]} {[%emt 00:01:36]} 10. Ne1 {[%clk 01:26:42]} {[%emt
00:04:07]} Qe6 {[%clk 00:47:33]} {[%emt 00:15:22]} 11. Na3 {[%clk 01:23:30]}
{[%emt 00:03:41]} Bd6 {[%clk 00:47:30]} {[%emt 00:00:33]} 12. Qc4 {[%clk
01:19:24]} {[%emt 00:04:37]} Bxa3 {[%clk 00:45:01]} {[%emt 00:02:59]} 13. Qxe6+
{[%clk 01:19:51]} {[%emt 00:00:07]} Bxe6 {[%clk 00:45:19]} {[%emt 00:00:11]} 14.
Bxc6+ {[%clk 01:18:48]} {[%emt 00:01:30]} bxc6 {[%clk 00:45:43]} {[%emt
00:00:06]} 15. bxa3 {[%clk 01:19:16]} {[%emt 00:00:03]} Ne4 {[%clk 00:39:50]}
{[%emt 00:06:22]} 16. Nf3 {[%clk 01:19:40]} {[%emt 00:00:06]} Nxd2 {[%clk
00:38:03]} {[%emt 00:02:17]} 17. Nxd2 {[%clk 01:20:06]} {[%emt 00:00:04]} Rb8
{[%clk 00:35:44]} {[%emt 00:02:48]} 18. f4 {[%clk 01:17:16]} {[%emt 00:03:21]}
Rb2 {[%clk 00:28:43]} {[%emt 00:07:30]} 19. Nf3 {[%clk 01:17:19]} {[%emt
00:00:28]} Rxe2 {[%clk 00:27:27]} {[%emt 00:01:46]} 20. Nxe5 {[%clk 01:17:39]}
{[%emt 00:00:11]} Bd5 {[%clk 00:21:38]} {[%emt 00:06:18]} 21. Rf2 {[%clk
01:16:56]} {[%emt 00:01:14]} Rxf2 {[%clk 00:20:51]} {[%emt 00:01:17]} 22. Kxf2
{[%clk 01:17:22]} {[%emt 00:00:04]} Ke7 {[%clk 00:19:27]} {[%emt 00:01:53]} 23.
Rc1 {[%clk 01:17:30]} {[%emt 00:00:24]} Kd6 {[%clk 00:19:17]} {[%emt 00:00:39]}
24. Ke2 {[%clk 01:14:24]} {[%emt 00:03:37]} Rb8 {[%clk 00:15:54]} {[%emt
00:03:51]} 25. Rc2 {[%clk 01:10:03]} {[%emt 00:04:52]} f6 {[%clk 00:16:01]}
{[%emt 00:00:23]} 26. Nd3 {[%clk 01:09:34]} {[%emt 00:00:59]} Be4 {[%clk
00:14:11]} {[%emt 00:02:19]} 27. Kd2 {[%clk 01:09:59]} {[%emt 00:00:06]} Bxd3
{[%clk 00:14:27]} {[%emt 00:00:14]} 28. Kxd3 {[%clk 01:10:24]} {[%emt
00:00:06]} Kd5 {[%clk 00:14:12]} {[%emt 00:00:43]} 29. Rc4 {[%clk 01:10:29]}
{[%emt 00:00:27]} c5 {[%clk 00:14:29]} {[%emt 00:00:11]} 30. Ra4 {[%clk
01:10:49]} {[%emt 00:00:11]} Rb2 {[%clk 00:13:55]} {[%emt 00:01:03]}  0-1

[Event "2023 Welsh Championship"]
[Site "Cardiff"]
[Date "2023.04.07"]
[Round "1"]
[Board "7"]
[White "Morris, Charles F"]
[Black "Jukes, Sam"]
[Result "0-1"]
[WhiteElo "2081"]
[BlackElo "1900"]
[PlyCount "0"]
[EventDate "2023.04.07"]
[EventRounds "7"]
[EventCountry "WLS"]

1. c4 {[%clk 01:30:58]} {[%emt 00:00:01]} b6 {[%clk 01:30:55]} {[%emt
00:00:06]} 2. Nc3 {[%clk 01:31:16]} {[%emt 00:00:11]} Bb7 {[%clk 01:31:11]}
{[%emt 00:00:15]} 3. e4 {[%clk 01:31:36]} {[%emt 00:00:10]} e5 {[%clk
01:31:27]} {[%emt 00:00:15]} 4. d3 {[%clk 01:30:02]} {[%emt 00:02:03]} Nc6
{[%clk 01:30:21]} {[%emt 00:01:36]} 5. Nge2 {[%clk 01:28:02]} {[%emt 00:02:29]}
Bc5 {[%clk 01:29:12]} {[%emt 00:01:40]} 6. Na4 {[%clk 01:27:40]} {[%emt
00:00:51]} Nge7 {[%clk 01:27:26]} {[%emt 00:02:16]} 7. Nxc5 {[%clk 01:24:55]}
{[%emt 00:03:16]} bxc5 {[%clk 01:27:49]} {[%emt 00:00:07]} 8. g3 {[%clk
01:25:21]} {[%emt 00:00:04]} O-O {[%clk 01:27:39]} {[%emt 00:00:41]} 9. Bg2
{[%clk 01:25:46]} {[%emt 00:00:04]} Nd4 {[%clk 01:22:58]} {[%emt 00:05:11]} 10.
Nxd4 {[%clk 01:26:09]} {[%emt 00:00:07]} cxd4 {[%clk 01:23:02]} {[%emt
00:00:26]} 11. O-O {[%clk 01:20:13]} {[%emt 00:06:26]} f5 {[%clk 01:15:04]}
{[%emt 00:08:28]} 12. Qh5 {[%clk 01:14:35]} {[%emt 00:06:08]} Qe8 {[%clk
01:11:20]} {[%emt 00:04:14]} 13. Qxe8 {[%clk 01:13:18]} {[%emt 00:01:47]} Raxe8
{[%clk 01:10:55]} {[%emt 00:00:55]} 14. Bh3 {[%clk 00:55:22]} {[%emt 00:18:26]}
fxe4 {[%clk 01:02:24]} {[%emt 00:09:02]} 15. Bxd7 {[%clk 00:55:45]} {[%emt
00:00:07]} exd3 {[%clk 01:02:16]} {[%emt 00:00:38]} 16. Re1 {[%clk 00:43:03]}
{[%emt 00:13:11]} e4 {[%clk 00:58:50]} {[%emt 00:03:56]} 17. Bxe8 {[%clk
00:39:01]} {[%emt 00:04:32]} Rxe8 {[%clk 00:59:06]} {[%emt 00:00:14]} 18. Bf4
{[%clk 00:39:26]} {[%emt 00:00:04]} Nc6 {[%clk 00:51:44]} {[%emt 00:07:53]} 19.
a3 {[%clk 00:32:04]} {[%emt 00:07:52]} g5 {[%clk 00:39:09]} {[%emt 00:13:05]}
20. Bxc7 {[%clk 00:30:09]} {[%emt 00:02:25]} d2 {[%clk 00:38:19]} {[%emt
00:01:20]} 21. Re2 {[%clk 00:29:32]} {[%emt 00:01:07]} e3 {[%clk 00:38:08]}
{[%emt 00:00:43]} 22. b4 {[%clk 00:28:50]} {[%emt 00:01:10]} Ne5 {[%clk
00:34:20]} {[%emt 00:04:17]} 23. fxe3 {[%clk 00:25:10]} {[%emt 00:04:10]} d3
{[%clk 00:34:14]} {[%emt 00:00:36]} 24. Rf2 {[%clk 00:24:24]} {[%emt 00:01:15]}
Nf3+ {[%clk 00:34:28]} {[%emt 00:00:17]}  0-1

[Event "2023 Welsh Championship"]
[Site "Cardiff"]
[Date "2023.04.07"]
[Round "1"]
[Board "8"]
[White "Fowler, Hugo"]
[Black "Musson, Adam J"]
[Result "0-1"]
[WhiteElo "1890"]
[BlackElo "2002"]
[PlyCount "0"]
[EventDate "2023.04.07"]
[EventRounds "7"]
[EventCountry "WLS"]

1. e4 {[%clk 01:30:57]} {[%emt 00:00:03]} e6 {[%clk 01:30:49]} {[%emt
00:00:11]} 2. d4 {[%clk 01:31:14]} {[%emt 00:00:14]} d5 {[%clk 01:31:06]}
{[%emt 00:00:12]} 3. Nc3 {[%clk 01:30:02]} {[%emt 00:01:43]} Nf6 {[%clk
01:29:46]} {[%emt 00:01:50]} 4. Bg5 {[%clk 01:30:03]} {[%emt 00:00:28]} h6
{[%clk 01:27:50]} {[%emt 00:02:26]} 5. Bxf6 {[%clk 01:29:34]} {[%emt 00:01:01]}
Qxf6 {[%clk 01:27:52]} {[%emt 00:00:26]} 6. exd5 {[%clk 01:21:55]} {[%emt
00:08:10]} Bb4 {[%clk 01:27:12]} {[%emt 00:01:10]} 7. dxe6 {[%clk 01:11:07]}
{[%emt 00:11:18]} Bxe6 {[%clk 01:26:57]} {[%emt 00:00:47]} 8. Nf3 {[%clk
01:10:34]} {[%emt 00:01:02]} O-O {[%clk 01:23:51]} {[%emt 00:03:34]} 9. Bd3
{[%clk 01:06:19]} {[%emt 00:04:45]} Nc6 {[%clk 01:19:49]} {[%emt 00:04:35]} 10.
O-O {[%clk 01:06:20]} {[%emt 00:00:28]} Bxc3 11. bxc3 {[%clk 01:06:47]} Bg4
{[%clk 01:10:57]} {[%emt 00:00:53]} 12. h3 {[%clk 00:54:28]} {[%emt 00:12:49]}
Bh5 {[%clk 01:04:31]} {[%emt 00:06:55]} 13. g4 {[%clk 00:47:33]} {[%emt
00:07:28]} Bg6 {[%clk 01:04:40]} {[%emt 00:00:18]} 14. Bxg6 {[%clk 00:26:51]}
{[%emt 00:21:14]} fxg6 {[%clk 01:01:58]} {[%emt 00:03:10]} 15. Kg2 {[%clk
00:24:51]} {[%emt 00:02:30]} Rf7 {[%clk 00:55:29]} {[%emt 00:06:58]} 16. Qd3
{[%clk 00:23:21]} {[%emt 00:02:00]} Raf8 {[%clk 00:54:41]} {[%emt 00:01:18]} 17.
Nd2 {[%clk 00:23:13]} {[%emt 00:00:38]} Ne7 {[%clk 00:49:29]} {[%emt 00:05:42]}
18. c4 {[%clk 00:20:40]} {[%emt 00:03:05]} h5 {[%clk 00:44:50]} {[%emt
00:05:16]} 19. Ne4 {[%clk 00:17:12]} {[%emt 00:03:52]} Qf4 {[%clk 00:43:15]}
{[%emt 00:02:01]} 20. f3 {[%clk 00:16:04]} {[%emt 00:01:38]} g5 {[%clk
00:25:35]} {[%emt 00:18:10]} 21. Ng3 {[%clk 00:09:05]} {[%emt 00:07:29]} h4
{[%clk 00:21:42]} {[%emt 00:04:26]} 22. Ne4 {[%clk 00:07:04]} {[%emt 00:02:32]}
Ng6 {[%clk 00:21:26]} {[%emt 00:00:47]} 23. Rae1 {[%clk 00:06:16]} {[%emt
00:01:13]} Rd7 {[%clk 00:17:45]} {[%emt 00:04:11]} 24. c3 {[%clk 00:03:46]}
{[%emt 00:03:00]} Qf7 {[%clk 00:10:45]} {[%emt 00:07:30]} 25. Qe3 {[%clk
00:04:13]} {[%emt 00:00:04]} Nf4+ {[%clk 00:11:00]} {[%emt 00:00:13]} 26. Kh2
{[%clk 00:04:32]} {[%emt 00:00:11]} Qxc4 {[%clk 00:11:20]} {[%emt 00:00:11]} 27.
Rf2 {[%clk 00:01:16]} {[%emt 00:03:46]} Nd3 {[%clk 00:11:20]} {[%emt 00:00:30]}
28. Qe2 {[%clk 00:01:36]} {[%emt 00:00:10]} Qa6 {[%clk 00:10:47]} {[%emt
00:01:04]} 29. Nxg5 {[%clk 00:00:51]} {[%emt 00:01:13]} Qd6+ {[%clk 00:10:34]}
{[%emt 00:00:44]} 30. Kh1 {[%clk 00:00:49]} {[%emt 00:00:33]} Nxe1 {[%clk
00:10:44]} {[%emt 00:00:20]} 31. Qxe1 {[%clk 00:01:06]} {[%emt 00:00:15]} Re7
{[%clk 00:10:31]} {[%emt 00:00:39]} 32. Qb1 {[%clk 00:00:59]} {[%emt 00:00:37]}
Qh6 {[%clk 00:10:07]} {[%emt 00:00:54]} 33. Ne4 {[%clk 00:00:46]} {[%emt
00:00:43]} Qf4 {[%clk 00:09:06]} {[%emt 00:01:34]} 34. Qb3+ {[%clk 00:00:40]}
{[%emt 00:00:38]} Kh8 {[%clk 00:09:13]} {[%emt 00:00:19]} 35. Nd2 {[%clk
00:00:33]} {[%emt 00:00:39]} Re1+ {[%clk 00:09:13]} {[%emt 00:00:29]} 36. Nf1
{[%clk 00:00:45]} {[%emt 00:00:16]} Qg3 {[%clk 00:09:26]} {[%emt 00:00:17]} 37.
Qc2 {[%clk 00:00:35]} {[%emt 00:00:40]} Qxh3+ {[%clk 00:09:45]} {[%emt
00:00:10]} 38. Kg1 {[%clk 00:01:01]} {[%emt 00:00:07]} Qg3+ {[%clk 00:09:06]}
{[%emt 00:01:08]} 39. Kh1 {[%clk 00:01:02]} {[%emt 00:00:29]} Rxf3 {[%clk
00:09:08]} {[%emt 00:00:28]} 40. Rxf3 {[%clk 00:00:44]} {[%emt 00:00:46]} Qxf3+
{[%clk 00:09:31]} {[%emt 00:00:08]} 41. Kg1 {[%clk 00:01:02]} {[%emt 00:00:20]}
Rxf1+ {[%clk 00:09:36]}  0-1

[Event "2023 Welsh Championship"]
[Site "Cardiff"]
[Date "2023.04.07"]
[Round "2"]
[Board "1"]
[White "Kett, Tim"]
[Black "Kozusek, Daniel"]
[Result "0-1"]
[WhiteElo "2090"]
[BlackElo "2331"]
[PlyCount "0"]
[EventDate "2023.04.07"]
[EventRounds "7"]
[EventCountry "WLS"]

1. Nf3 {[%clk 01:26:18]} {[%emt 00:04:41]} d5 {[%clk 01:26:25]} {[%emt
00:04:35]} 2. b3 {[%clk 01:26:10]} {[%emt 00:00:39]} Nf6 {[%clk 01:22:54]}
{[%emt 00:04:00]} 3. Bb2 {[%clk 01:25:46]} {[%emt 00:00:55]} c5 {[%clk
01:23:17]} {[%emt 00:00:07]} 4. e3 {[%clk 01:25:03]} {[%emt 00:01:12]} e6
{[%clk 01:23:44]} {[%emt 00:00:04]} 5. d4 {[%clk 01:21:25]} {[%emt 00:04:06]}
b6 {[%clk 01:22:03]} {[%emt 00:02:13]} 6. Nbd2 {[%clk 01:21:24]} {[%emt
00:00:30]} Bb7 {[%clk 01:22:18]} {[%emt 00:00:17]} 7. Bd3 {[%clk 01:17:58]}
{[%emt 00:03:55]} Nc6 {[%clk 01:21:58]} {[%emt 00:00:51]} 8. O-O {[%clk
01:17:26]} {[%emt 00:01:01]} Bd6 {[%clk 01:22:25]} {[%emt 00:00:04]} 9. Ne5
{[%clk 01:12:31]} {[%emt 00:05:24]} O-O {[%clk 01:22:28]} {[%emt 00:00:27]} 10.
f4 {[%clk 01:10:22]} {[%emt 00:02:39]} Ne7 {[%clk 01:22:01]} {[%emt 00:00:58]}
11. Qf3 {[%clk 01:09:06]} {[%emt 00:01:45]} Qc7 {[%clk 01:22:01]} {[%emt
00:00:31]} 12. Qh3 {[%clk 00:53:59]} {[%emt 00:15:37]} Ne4 {[%clk 01:14:31]}
{[%emt 00:08:00]} 13. Ndf3 {[%clk 00:53:47]} {[%emt 00:00:40]} Bxe5 {[%clk
00:45:52]} {[%emt 00:29:12]} 14. Nxe5 {[%clk 00:43:19]} {[%emt 00:10:55]} Nf5
{[%clk 00:45:58]} {[%emt 00:00:26]} 15. Rae1 {[%clk 00:22:59]} {[%emt
00:20:49]} f6 {[%clk 00:43:07]} {[%emt 00:03:22]} 16. Nf3 {[%clk 00:23:11]}
{[%emt 00:00:18]} Rfe8 {[%clk 00:35:52]} {[%emt 00:07:46]} 17. c4 {[%clk
00:21:44]} {[%emt 00:01:57]} Nfd6 {[%clk 00:35:53]} {[%emt 00:00:30]} 18. dxc5
{[%clk 00:17:38]} {[%emt 00:04:36]} bxc5 {[%clk 00:35:57]} {[%emt 00:00:26]} 19.
cxd5 {[%clk 00:17:14]} {[%emt 00:00:53]} exd5 {[%clk 00:36:01]} {[%emt
00:00:25]} 20. Rd1 {[%clk 00:08:51]} {[%emt 00:08:53]} Bc8 {[%clk 00:29:58]}
{[%emt 00:06:34]} 21. g4 {[%clk 00:08:49]} {[%emt 00:00:31]} Qd7 {[%clk
00:30:16]} {[%emt 00:00:12]} 22. f5 {[%clk 00:08:50]} {[%emt 00:00:28]} h6
{[%clk 00:22:39]} {[%emt 00:08:08]} 23. Qg2 {[%clk 00:09:07]} {[%emt 00:00:13]}
Bb7 {[%clk 00:22:18]} {[%emt 00:00:51]} 24. h4 {[%clk 00:08:49]} {[%emt
00:00:48]} h5 {[%clk 00:19:18]} {[%emt 00:03:31]} 25. gxh5 {[%clk 00:07:30]}
{[%emt 00:01:48]} Nxf5 {[%clk 00:18:57]} {[%emt 00:00:51]} 26. Qg4 {[%clk
00:02:42]} {[%emt 00:05:18]} Qc8 {[%clk 00:07:03]} {[%emt 00:12:26]} 27. Qf4
{[%clk 00:02:03]} {[%emt 00:01:08]} Nfg3 {[%clk 00:03:44]} {[%emt 00:03:51]} 28.
Bxe4 {[%clk 00:01:51]} {[%emt 00:00:42]} Ne2+ {[%clk 00:03:52]} {[%emt
00:00:22]}  0-1

[Event "2023 Welsh Championship"]
[Site "Cardiff"]
[Date "2023.04.07"]
[Round "2"]
[Board "2"]
[White "Toczek, Grzegorz"]
[Black "Musson, Adam J"]
[Result "1-0"]
[WhiteElo "2260"]
[BlackElo "2002"]
[PlyCount "0"]
[EventDate "2023.04.07"]
[EventRounds "7"]
[EventCountry "WLS"]

1. e4 {[%clk 01:30:57]} {[%emt 01:08:50]} c5 {[%clk 01:28:55]} {[%emt
00:02:05]} 2. Nc3 {[%clk 01:29:30]} {[%emt 00:01:58]} Nc6 {[%clk 01:29:07]}
{[%emt 00:00:19]} 3. f4 {[%clk 01:27:15]} {[%emt 00:02:43]} g6 {[%clk
01:27:38]} {[%emt 00:02:01]} 4. Nf3 {[%clk 01:26:45]} {[%emt 00:00:58]} Bg7
{[%clk 01:27:55]} {[%emt 00:00:16]} 5. Bc4 {[%clk 01:26:16]} {[%emt 00:00:56]}
e6 {[%clk 01:28:06]} {[%emt 00:00:22]} 6. O-O {[%clk 01:24:44]} {[%emt
00:02:03]} Nge7 {[%clk 01:27:32]} {[%emt 00:01:06]} 7. d3 {[%clk 01:23:07]}
{[%emt 00:02:00]} O-O {[%clk 01:25:54]} {[%emt 00:02:08]} 8. f5 {[%clk
01:08:36]} {[%emt 00:15:02]} d5 {[%clk 01:15:07]} {[%emt 00:11:18]} 9. Bb3
{[%clk 01:08:36]} {[%emt 00:00:30]} d4 {[%clk 01:13:18]} {[%emt 00:02:19]} 10.
fxe6 {[%clk 00:53:32]} {[%emt 00:15:34]} dxc3 {[%clk 01:08:16]} {[%emt
00:05:32]} 11. exf7+ {[%clk 00:53:58]} {[%emt 00:00:05]} Kh8 {[%clk 01:08:37]}
{[%emt 00:00:08]} 12. bxc3 {[%clk 00:54:03]} {[%emt 00:00:26]} Na5 {[%clk
00:55:16]} {[%emt 00:13:51]} 13. Ng5 {[%clk 00:45:34]} {[%emt 00:08:58]} c4
{[%clk 00:53:14]} {[%emt 00:02:32]} 14. Qe1 {[%clk 00:43:01]} {[%emt 00:03:02]}
h5 {[%clk 00:49:27]} {[%emt 00:04:17]} 15. dxc4 {[%clk 00:40:38]} {[%emt
00:02:54]} Nxb3 {[%clk 00:43:44]} {[%emt 00:06:13]} 16. axb3 {[%clk 00:39:47]}
{[%emt 00:01:21]} b5 {[%clk 00:43:42]} {[%emt 00:00:32]} 17. cxb5 {[%clk
00:33:15]} {[%emt 00:07:02]} Qb6+ {[%clk 00:43:35]} {[%emt 00:00:37]} 18. Be3
{[%clk 00:32:12]} {[%emt 00:01:33]} Qxb5 {[%clk 00:43:50]} {[%emt 00:00:16]} 19.
c4 {[%clk 00:31:57]} {[%emt 00:00:45]} Qc6 {[%clk 00:31:30]} {[%emt 00:12:50]}
20. Qf2 {[%clk 00:27:49]} {[%emt 00:04:37]} a5 {[%clk 00:28:53]} {[%emt
00:03:09]} 21. Bc5 {[%clk 00:24:25]} {[%emt 00:03:53]} Qc7 {[%clk 00:28:29]}
{[%emt 00:00:55]} 22. Bd4 {[%clk 00:24:28]} {[%emt 00:00:26]} Ra6 {[%clk
00:27:34]} {[%emt 00:01:25]} 23. Qe3 {[%clk 00:22:12]} {[%emt 00:02:45]} Rc6
{[%clk 00:19:48]} {[%emt 00:08:18]} 24. Ne6 {[%emt 00:05:32]}  1-0